Soccer Ball Knowledge Quiz - Statistics

General Stats
  • This quiz has been taken 785 times
  • The average score is 10 of 15
Answer Stats
Hint Answer % Correct
Who won the first ever World Cup in 1930? Uruguay
95%
Which team was nicknamed "Invincibles" after going unbeaten in the 2003-04 season? Arsenal
86%
Which nation won the Euro 2016 tournament? Portugal
80%
Who scored the winning goal in the 2010 World Cup final? Andres Iniesta
79%
Who is the all-time leading Premier League goal scorer? Alan Shearer
77%
Who scored the winning goal in the 2012 Champions League final for Chelsea? Didier Drogba
76%
Lionel Messi broke the record for goals in a calendar year, how many goals did he score (2012) 91
73%
Which English club was the first to win the European Cup (1968) Manchester United
70%
Which club is known as "The Old Lady" Juventus
65%
Which manager has won the most UEFA Champions League titles? Carlo Ancelotti
63%
What does VAR stand for? Video Assistant Referee
59%
Who holds the record for the most clean sheets in Premier League history? Petr Cech
48%
Who was the first goalkeeper to win the EUFA Men's Player of the Year award? Manuel Neuer
46%
Who was the first English Player to win league titles in four different countries? David Beckham
38%
Who has the most assists in Premier League history (162) Ryan Giggs
37%
No matching quizzes found
Score Distribution
Percent of People with Each Score
Percentile by Number Answered
Your Score History
You have not taken this quiz